00441 a2200121 4500001001000000005001700010008004100027245012600068100002200194700002300216700003900239773004100278ART_5192120260410161633.0260409a 10aEl impacto del ajuste por inflación contable para activos en empresas agropecuarias, clubes de fútbol y constructoras1 aBello, Alberto M.1 aGrand, Mónica N.1 aZabala Chiaradía, Melisa Lucía0 tEnfoquesg- N°4 (abr. 2020)wREV416